00764nam a2200205Ia 4500003000900000008004100009040001600050080002600066110003300092245016200125260005000287300000900337650002100346650001900367650002000386650002800406942000700434999001500441952010200456IN-BaIIA211028s9999 xx 000 0 eng d cIIA Library a083.7:621.355.21bISI aIndian Standards Institution 0aIndian Standard Specification for Stationary cells and Batteries, Lead Acid Type (with Tubular)cIndian Standards Institution  aNew DelhibIndian Standards Institutionc1980 a18p. aBatteries911545 aNASA Thesaurus aStandards98876 aStationary Cells911546 cBK c6735d6735 00104070aBANbBANcGENd1981-04-09l0o083.7:621.355.21/ ISIp7493r2021-11-05w1981-04-09yBK